Winning badminton doubles

Bibliographic Details
Main Author: Downey, Jake
Format: Book
Published: London : A & C Back , c1984
Subjects:

MARC

LEADER 00000cam a2200000 7i4500
001 0000003584
005 20030603.0
020 |a 0713626038 
040 |a INS 
090 0 0 |a GV1007.5.D67   |b D69 1984 
100 1 |a Downey, Jake 
245 1 0 |a Winning badminton doubles   |c Jake Downey 
260 |a London :   |b A & C Back ,   |c c1984 
300 |a vii, 223p. :   |b illc24 cm 
650 0 0 |a Badminton(Game)   |x Doubles 
999 |a 0000001176   |b BOOK   |c Open Shelf   |e Default branch